Normal view
MARC view
Entry Personal Name
001 - CONTROL NUMBER
- control field: 813
003 - CONTROL NUMBER IDENTIFIER
- control field: HDC
005 - DATE AND TIME OF LATEST TRANSACTION
- control field: 20230624073104.0
008 - FIXED-LENGTH DATA ELEMENTS
- fixed length control field: 201220|| aca||aabn | a|a d
040 ## - CATALOGING SOURCE
- Original cataloging agency: HDC
- Transcribing agency: HDC
100 ## - HEADING--PERSONAL NAME
- Personal name: Chi-yue, Chiu
670 ## - SOURCE DATA FOUND
- Source citation: Work cat.: (HDC): Ying, Wu, author 810, Responses to religious norm defection: The case of Hui Chinese Muslims not following the halal diet /, 2014
